Statystyki dla Sześć stopni oddalenia - Państwa #1

Kliknij tutaj aby rozwiązać quiz!

Ogólne statystyki

  • Ten quiz został rozwiązany 2 615 razy
  • Średni wynik to 10 z 24

Statystyki odpowiedzi

KolorPytanieOdpowiedź% Poprawnych
ZielonyNajwiększy według powierzchni kraj to...Rosja
100%
ZielonyNajkrótszą granicę dzieli z...Korea Północna
71%
CzerwonyNajbardziej na północ wysunięty kraj to...Kanada
57%
NiebieskiNajludniejsze państwo wyspiarskie to...Indonezja
53%
NiebieskiIch flaga jest bardzo podobna do flagi...Monako
51%
NiebieskiMa powierzchnię większą od...Watykan
48%
NiebieskiJest ze wszystkich stron otoczone przez...Włochy
48%
ŻółtyPierwszym państwem w kolejności alfabetycznej jest...Afganistan
47%
NiebieskiPodpisali pakt stalowy z...Niemcy
45%
NiebieskiIch reprezentacja wygrała 7:1 na MŚ z...Brazylia
43%
CzerwonyIch drugie największe miasto zbudowali...Francja
42%
ŻółtyW 2001 zostali zaatakowani przez...Stany Zjednoczone
42%
ŻółtyTo dawna kolonia...Hiszpania
35%
Żółty
W 1914 ukończyli budowę kanału w...
Panama
35%
ŻółtyIch dwa afrykańskie miasta otacza...Maroko
32%
ŻółtyNajdłuższą granicę dzieli z...Algieria
31%
ZielonyTo dawna kolonia...Wielka Brytania
30%
CzerwonyDzieli wyspę Saint-Martin z...Holandia
28%
ZielonyJedyne państwo, z którym graniczy, to...Irlandia
28%
CzerwonyZostali zbombardowani podczas IIWŚ przez...Japonia
25%
ZielonyIch flaga jest podobna do flagi...Wybrzeże Kości Słoniowej
24%
ZielonyIch lider pierwszy raz spotkał się z prezydentem USA w...Singapur
15%
CzerwonyIch flaga jest podobna do flagi...Australia
14%
CzerwonyOd nazwy jednej z ich prowincji nazwano...Nowa Zelandia
14%

Rozkład punktacji

Percentyl według liczby udzielonych odpowiedzi

Procent ludzi z każdym wynikiem

Twoja historia wyników

Nie rozwiązałeś tego quizu